La Constitution (notice n° 1557711)
[ vue normale ]
| 000 -LEADER | |
|---|---|
| fixed length control field | 01106cam a2200277zu 4500 |
| 003 - CONTROL NUMBER IDENTIFIER | |
| control field | FRCYB88866666 |
| 005 - DATE AND TIME OF LATEST TRANSACTION | |
| control field | 20251020124634.0 |
| 008 - FIXED-LENGTH DATA ELEMENTS--GENERAL INFORMATION | |
| fixed length control field | 251020s2016 fr | o|||||0|0|||fre d |
| 020 ## - INTERNATIONAL STANDARD BOOK NUMBER | |
| International Standard Book Number | 9782247161485 |
| 035 ## - SYSTEM CONTROL NUMBER | |
| System control number | FRCYB88866666 |
| 040 ## - CATALOGING SOURCE | |
| Original cataloging agency | FR-PaCSA |
| Language of cataloging | fr |
| Transcribing agency | |
| Description conventions | rda |
| 100 1# - MAIN ENTRY--PERSONAL NAME | |
| Personal name | Verpeaux, Michel |
| 245 01 - TITLE STATEMENT | |
| Title | La Constitution |
| Statement of responsibility, etc. | ['Verpeaux, Michel'] |
| 264 #1 - PRODUCTION, PUBLICATION, DISTRIBUTION, MANUFACTURE, AND COPYRIGHT NOTICE | |
| Name of producer, publisher, distributor, manufacturer | Dalloz |
| Date of production, publication, distribution, manufacture, or copyright notice | 2016 |
| 300 ## - PHYSICAL DESCRIPTION | |
| Extent | p. |
| 336 ## - CONTENT TYPE | |
| Content type code | txt |
| Source | rdacontent |
| 337 ## - MEDIA TYPE | |
| Media type code | c |
| Source | rdamdedia |
| 338 ## - CARRIER TYPE | |
| Carrier type code | c |
| Source | rdacarrier |
| 520 ## - SUMMARY, ETC. | |
| Summary, etc. | L'ouvrage traite de toutes les questions, historiques ou plus actuelles, liées à la Constitution française : l'écriture de la Constitution (modes d'élaboration, procédés de révision), la supériorité de la Constitution sur les autres textes législatifs (primauté, mécanismes de protection) et enfin la forme et le contenu d'une Constitution.</P> |
| 650 #0 - SUBJECT ADDED ENTRY--TOPICAL TERM | |
| Topical term or geographic name entry element | |
| 700 0# - ADDED ENTRY--PERSONAL NAME | |
| Personal name | Verpeaux, Michel |
| 856 40 - ELECTRONIC LOCATION AND ACCESS | |
| Access method | Cyberlibris |
| Uniform Resource Identifier | <a href="https://international.scholarvox.com/netsen/book/88866666">https://international.scholarvox.com/netsen/book/88866666</a> |
| Electronic format type | text/html |
| Host name | |
Pas d'exemplaire disponible.




Réseaux sociaux